| 000 | 01441nam a22002895a 4500 | ||
|---|---|---|---|
| 003 | OSt | ||
| 005 | 20170219155509.0 | ||
| 008 | 170219s2015 ua frb 000 0 ara d | ||
| 015 | _a2014 / 26404 | ||
| 020 | _a9789770476987 | ||
| 040 |
_aEG-ScBUE _bara _cEG-ScBUE |
||
| 043 |
_aawgz--- _aa-is--- |
||
| 082 | 0 | 4 |
_a341.65 _bب ر غ _222 |
| 100 | 1 | _aبرغوثي، نداء عبد الخالق محمد. | |
| 245 | 1 | 0 |
_aأسرى الحرب في القانون الدولي : _bدراسة للقواعد العامة وتطبيقاتها على المعتقلين الفلسطينيين في السجون الإسرائيلية / _cنداء عبد الخالق محمد البرغوثي. |
| 260 |
_aالقاهرة : _bدار النهضة العربية، _c2015. |
||
| 300 |
_a365 ص. ؛ _c24 سم. |
||
| 504 | _aيشتمل على إرجاعات ببليوجرافية. | ||
| 650 | 7 |
_aأسرى الحرب (قانون دولي) _2BUEsh |
|
| 650 | 7 |
_aالقانون الدولي الإنساني. _2BUEsh |
|
| 650 | 7 |
_aأسرى الحرب _xوضع قانوني، قوانين، إلخ. _zفلسطين. _2BUEsh |
|
| 650 | 7 |
_aالمسجونون الفلسطنييون _xاعتقال _zإسرائيل _yالاحتلال الإسرائيلي، 1948. _2BUEsh |
|
| 650 | 7 |
_aالاعتقال _z فلسطين _zإسرائيل _yالاحتلال الإسرائيلي، 1948. _2BUEsh |
|
| 651 | _2BUEsh | ||
| 653 |
_bLLAAWW _cFebruary2017 |
||
| 942 | _2ddc | ||
| 999 |
_c24197 _d24169 |
||